[Event "Olimpiada Calviá 2004"]
[Site "Calviá ESP"]
[Date "2004.10.24"]
[Round "9.52"]
[White "Kato, Takeshi"]
[Black "Kassis, Antoine"]
[Result "1/2-1/2"]
[WhiteElo "2045"]
[BlackElo "2221"]
[PlyCount "147"]
[EventDate "2004.10.15"]
[EventType "team"]
[EventRounds "14"]
[EventCountry "ESP"]
[Source "lmi"]
[SourceDate "2004.10.27"]

1. e4 c5 2. Nf3 d6 3. d4 cxd4 4. Nxd4 Nf6 5. Nc3 Nc6 6. Bg5 e6 7. Qd2 a6 8.
O-O-O Bd7 9. f4 h6 10. Bxf6 Qxf6 11. Nf3 Qd8 12. Bd3 Qc7 13. Rhe1 O-O-O 14. Kb1
Kb8 15. Bf1 Qa5 16. Qe3 Be7 17. a3 Rhe8 18. Rd3 Rc8 19. Red1 Na7 20. Ne5 dxe5
21. Rxd7 Bxa3 22. Na2 Be7 23. Qb3 Rc7 24. fxe5 Nc6 25. Nc1 Nxe5 26. Rxc7 Kxc7
27. Rd4 Bc5 28. Ra4 Qe1 29. Qg3 Qxg3 30. hxg3 Bd6 31. Be2 Nc6 32. g4 Rd8 33.
Nd3 Be7 34. c3 Bg5 35. Kc2 Be3 36. Ra1 f6 37. Rd1 Rf8 38. Rf1 Kd6 39. Rf3 Ba7
40. Rf1 Ke7 41. Nf4 Rd8 42. Rd1 Rxd1 43. Kxd1 Ne5 44. b3 Kd6 45. Kc2 g5 46. Nd3
Nc6 47. Bf3 Bc5 48. Be2 b5 49. b4 Be3 50. Bf3 Bb6 51. e5+ fxe5 52. Bxc6 Kxc6
53. Nxe5+ Kd5 54. Nf7 Ke4 55. Nxh6 Kf4 56. Kd3 e5 57. Ke2 a5 58. bxa5 Bxa5 59.
Kd2 Bb6 60. Ke2 e4 61. Nf5 Bc5 62. Nh6 Kg3 63. Kf1 e3 64. Ke2 Kf4 65. Kd3 Kg3
66. Ke2 Kxg2 67. Nf7 Kg3 68. Nxg5 Kxg4 69. Ne4 Bb6 70. Nd6 Kf4 71. Nxb5 Bc5 72.
Nc7 Ke4 73. Ne6 Be7 74. Nd4 1/2-1/2

[Event "Olimpiada Calviá 2004"]
[Site "Calviá ESP"]
[Date "2004.10.24"]
[Round "9.52"]
[White "Abdulaziz, Mahmoud"]
[Black "Hayashi, Kenji"]
[Result "0-1"]
[WhiteElo "2101"]
[BlackElo "2056"]
[PlyCount "62"]
[EventDate "2004.10.15"]
[EventType "team"]
[EventRounds "14"]
[EventCountry "ESP"]
[Source "lmi"]
[SourceDate "2004.10.27"]

1. c4 e6 2. g3 d5 3. Nf3 Nf6 4. Bg2 Be7 5. O-O O-O 6. b3 c5 7. d3 b6 8. Nbd2
Bb7 9. Bb2 Nbd7 10. e3 h6 11. Qe2 Bd6 12. Rfd1 Qe7 13. e4 dxe4 14. Nxe4 Nxe4
15. dxe4 Rfd8 16. Nd2 Be5 17. Bxe5 Nxe5 18. Nf3 Nxf3+ 19. Qxf3 e5 20. Rxd8+
Rxd8 21. Qe3 Rd4 22. Re1 Qd6 23. Qc1 Bc6 24. f3 Rd2 25. Kh1 Bd7 26. a3 Be6 27.
Qa1 Qd3 28. Qb1 Qc3 29. f4 Bg4 30. Qc1 Qd3 31. h3 Bf3 0-1

[Event "Olimpiada Calviá 2004"]
[Site "Calviá ESP"]
[Date "2004.10.24"]
[Round "9.53"]
[White "Theocharides, Constantinos"]
[Black "Li Ying, Patrick"]
[Result "1-0"]
[WhiteElo "2115"]
[BlackElo "2200"]
[PlyCount "45"]
[EventDate "2004.10.15"]
[EventType "team"]
[EventRounds "14"]
[EventCountry "ESP"]
[Source "lmi"]
[SourceDate "2004.10.27"]

1. e4 e6 2. d3 d5 3. Nd2 Nf6 4. Ngf3 Be7 5. g3 O-O 6. Bg2 c5 7. O-O Nc6 8. e5
Nd7 9. Re1 Qc7 10. Qe2 b6 11. Nf1 Bb7 12. h4 Rac8 13. c3 b5 14. Bf4 a5 15. Ng5
Bxg5 16. hxg5 d4 17. Nh2 Ne7 18. Ng4 Rfd8 19. Nf6+ Kh8 20. Qh5 Nf8 21. Qxf7
dxc3 22. Bxb7 Qxb7 23. Nh5 1-0

[Event "Olimpiada Calviá 2004"]
[Site "Calviá ESP"]
[Date "2004.10.24"]
[Round "9.53"]
[White "Chinasamy, Devarajen"]
[Black "Klerides, Paris"]
[Result "1-0"]
[WhiteElo "2200"]
[BlackElo "2234"]
[PlyCount "153"]
[EventDate "2004.10.15"]
[EventType "team"]
[EventRounds "14"]
[EventCountry "ESP"]
[Source "lmi"]
[SourceDate "2004.10.27"]

1. e4 c5 2. f4 d5 3. Nc3 dxe4 4. Nxe4 Qc7 5. d3 Nc6 6. Nf3 Bg4 7. Be2 Nh6 8.
O-O e6 9. c3 Be7 10. Qe1 O-O 11. Bd2 Rad8 12. Rd1 Nf5 13. Bc1 b5 14. h3 Bxf3
15. Bxf3 b4 16. g4 Nh4 17. Be3 Nxf3+ 18. Rxf3 Qa5 19. Qf2 Rd5 20. c4 Rd4 21. b3
Rfd8 22. Bxd4 Nxd4 23. Re3 Qc7 24. Kh1 a5 25. Ree1 a4 26. bxa4 Ra8 27. Qg3 Rxa4
28. Rd2 Qd8 29. Rf1 f5 30. gxf5 exf5 31. Ng5 Ra3 32. Nf3 Bf6 33. Nxd4 Qxd4 34.
Qf3 Qd7 35. Rfd1 g6 36. Re2 Rc3 37. Qa8+ Kg7 38. Qd5 Qc7 39. Rf1 Ra3 40. Rff2
Ra6 41. Re6 Rxe6 42. Qxe6 Bd4 43. Rf1 Qa5 44. Qe7+ Kh6 45. Qg5+ Kg7 46. Qe7+
Kh6 47. Qe2 Qa8+ 48. Kh2 Qb8 49. Qg2 Qd6 50. Qe2 g5 51. Qf3 Kg6 52. Kh1 gxf4
53. Qxf4 Qxf4 54. Rxf4 Be3 55. Rf1 Kf6 56. Kg2 Ke5 57. Kf3 Kd4 58. Ke2 f4 59.
Rb1 Kc3 60. Rb3+ Kd4 61. a3 bxa3 62. Rxa3 Bc1 63. Rb3 Be3 64. Rb7 f3+ 65. Kxf3
Kxd3 66. Rd7+ Bd4 67. Rxh7 Kxc4 68. Ke2 Kc3 69. Kd1 c4 70. Rc7 Be5 71. Rc8 Kb3
72. h4 c3 73. h5 Bg7 74. Rb8+ Kc4 75. Kc2 Kd5 76. Re8 Kd6 77. Rg8 1-0

[Event "Olimpiada Calviá 2004"]
[Site "Calviá ESP"]
[Date "2004.10.24"]
[Round "9.53"]
[White "Antoniou, Antonis"]
[Black "Seegolam, Pradeep"]
[Result "1/2-1/2"]
[WhiteElo "2211"]
[BlackElo "2200"]
[PlyCount "43"]
[EventDate "2004.10.15"]
[EventType "team"]
[EventRounds "14"]
[EventCountry "ESP"]
[Source "lmi"]
[SourceDate "2004.10.27"]

1. e4 c5 2. Nf3 Nc6 3. d4 cxd4 4. Nxd4 Nf6 5. Nc3 d6 6. f3 e5 7. Nb3 Be7 8. Be3
O-O 9. Qd2 Be6 10. O-O-O Na5 11. Nxa5 Qxa5 12. Kb1 Rfd8 13. Be2 a6 14. Nd5 Qxd2
15. Nxe7+ Kf8 16. Rxd2 Kxe7 17. c4 Rdc8 18. b3 Nd7 19. Rhd1 Rc6 20. Rc1 a5 21.
Rdc2 Nc5 22. Rd2 1/2-1/2

[Event "Olimpiada Calviá 2004"]
[Site "Calviá ESP"]
[Date "2004.10.24"]
[Round "9.54"]
[White "El-Zayat, Ahmed"]
[Black "Mannhart, Marcel"]
[Result "1/2-1/2"]
[WhiteElo "1958"]
[BlackElo "2191"]
[PlyCount "53"]
[EventDate "2004.10.15"]
[EventType "team"]
[EventRounds "14"]
[EventCountry "ESP"]
[Source "lmi"]
[SourceDate "2004.10.27"]

1. d4 g6 2. c4 Bg7 3. Nc3 d6 4. e4 Nd7 5. Nf3 e5 6. dxe5 dxe5 7. Bg5 f6 8. Be3
Nh6 9. h3 Nf7 10. Qd2 c6 11. c5 Qe7 12. b4 Nf8 13. Nh2 Ne6 14. Bc4 O-O 15. O-O
Rd8 16. Qb2 Nd4 17. Bxf7+ Kxf7 18. f4 Kg8 19. Rad1 f5 20. Nf3 Nxf3+ 21. gxf3
Rxd1 22. Rxd1 fxe4 23. Nxe4 Be6 24. fxe5 Bd5 25. Bg5 Qxe5 26. Qxe5 Bxe5 27. f4
1/2-1/2

[Event "Olimpiada Calviá 2004"]
[Site "Calviá ESP"]
[Date "2004.10.24"]
[Round "9.54"]
[White "Frick, Renato"]
[Black "Elarbi, Abobker"]
[Result "1-0"]
[WhiteElo "2151"]
[BlackElo "2253"]
[PlyCount "127"]
[EventDate "2004.10.15"]
[EventType "team"]
[EventRounds "14"]
[EventCountry "ESP"]
[Source "lmi"]
[SourceDate "2004.10.27"]

1. e4 e5 2. Nf3 Nc6 3. Bb5 a6 4. Ba4 Nf6 5. O-O Nxe4 6. d4 b5 7. Bb3 d5 8. dxe5
Be6 9. c3 Be7 10. Nbd2 O-O 11. Bc2 f5 12. exf6 Nxf6 13. Qe2 Qd6 14. Re1 Bd7 15.
Nf1 Rae8 16. Qd3 Bd8 17. Be3 Ne4 18. Ng3 g6 19. Bh6 Nc5 20. Qd2 Rxe1+ 21. Rxe1
Re8 22. Rd1 Be6 23. b4 Nd7 24. a4 Nb6 25. axb5 Nc4 26. Qc1 axb5 27. Ne4 Qe7 28.
Nc5 Qf7 29. Nxe6 Qxe6 30. Bg5 N4e5 31. Bb3 Nxf3+ 32. gxf3 Bxg5 33. Qxg5 Ne7 34.
Bxd5 Nxd5 35. Qxd5 c6 36. Qxe6+ Rxe6 37. Kg2 Kf7 38. Rd7+ Re7 39. Rd4 Rc7 40.
Rf4+ Ke6 41. c4 bxc4 42. Rxc4 Kd5 43. Rg4 Rb7 44. Kg3 Rf7 45. Rg5+ Kd6 46. h4
Rb7 47. Rg4 Rb5 48. Rd4+ Ke6 49. Rg4 Kd6 50. Re4 Rf5 51. Kg4 h5+ 52. Kg3 Rb5
53. f4 c5 54. bxc5+ Rxc5 55. Re8 Rc3+ 56. f3 Rc6 57. Re5 Kd7 58. Rg5 Rf6 59. f5
gxf5 60. Rxh5 Ke6 61. Kf4 Rf8 62. Rh6+ Kd5 63. h5 Rf7 64. Rg6 1-0

[Event "Olimpiada Calviá 2004"]
[Site "Calviá ESP"]
[Date "2004.10.24"]
[Round "9.54"]
[White "Asabri, Hussien"]
[Black "Muendle, Kurt"]
[Result "1-0"]
[WhiteElo "2286"]
[BlackElo "2016"]
[PlyCount "61"]
[EventDate "2004.10.15"]
[EventType "team"]
[EventRounds "14"]
[EventCountry "ESP"]
[Source "lmi"]
[SourceDate "2004.10.27"]

1. d4 Nf6 2. Nf3 d5 3. c4 e6 4. Bg5 Nbd7 5. Nc3 Be7 6. e3 h6 7. Bh4 O-O 8. Rc1
c6 9. Bd3 dxc4 10. Bxc4 Nd5 11. Bxe7 Qxe7 12. O-O Nxc3 13. Rxc3 e5 14. Bb3 e4
15. Nd2 Kh8 16. f3 Nf6 17. fxe4 Be6 18. Bc2 Bg4 19. Qe1 Bh5 20. Qh4 g5 21. Qh3
Bg6 22. Qxh6+ Nh7 23. Nf3 Kg8 24. Rc5 Bxe4 25. Re5 Qf6 26. Qxf6 Nxf6 27. Bxe4
Nxe4 28. Rxe4 f6 29. Re7 Rf7 30. Rxf7 Kxf7 31. Nxg5+ 1-0

[Event "Olimpiada Calviá 2004"]
[Site "Calviá ESP"]
[Date "2004.10.24"]
[Round "9.57"]
[White "Olape, Bunmi"]
[Black "Kawuma, Steven Male"]
[Result "1/2-1/2"]
[WhiteElo "2304"]
[BlackElo "2141"]
[PlyCount "89"]
[EventDate "2004.10.15"]
[EventType "team"]
[EventRounds "14"]
[EventCountry "ESP"]
[Source "lmi"]
[SourceDate "2004.10.27"]

1. e4 c5 2. Nf3 Nc6 3. d4 cxd4 4. Nxd4 Nf6 5. Nc3 e5 6. Ndb5 d6 7. Bg5 a6 8.
Bxf6 gxf6 9. Na3 b5 10. Nd5 f5 11. Bd3 Be6 12. c3 Bxd5 13. exd5 Ne7 14. Nc2 Bg7
15. a4 O-O 16. axb5 axb5 17. Nb4 Qb6 18. Rxa8 Rxa8 19. O-O Qc5 20. Bc2 e4 21.
Kh1 Re8 22. Qd2 Ng6 23. Re1 Be5 24. g3 Bf6 25. Nc6 Ne5 26. Nxe5 Rxe5 27. Bb3
Kg7 28. Kg2 h6 29. h4 Re7 30. Qf4 b4 31. Qxf5 bxc3 32. bxc3 Qxc3 33. Re3 Qe5
34. Qg4+ Kf8 35. Qc8+ Re8 36. Qg4 Re7 37. Re2 h5 38. Qc8+ Re8 39. Qc1 Qf5 40.
Qh6+ Kg8 41. Qe3 Bd4 42. Qg5+ Qxg5 43. hxg5 Re5 44. Bc2 Rxg5 45. Rxe4 1/2-1/2

[Event "Olimpiada Calviá 2004"]
[Site "Calviá ESP"]
[Date "2004.10.24"]
[Round "9.58"]
[White "Eichab, Charles"]
[Black "Fancy, Stuart"]
[Result "1/2-1/2"]
[WhiteElo "2200"]
[BlackElo "2195"]
[PlyCount "77"]
[EventDate "2004.10.15"]
[EventType "team"]
[EventRounds "14"]
[EventCountry "ESP"]
[Source "lmi"]
[SourceDate "2004.10.27"]

1. e4 c5 2. Nf3 e6 3. d4 cxd4 4. Nxd4 Nf6 5. Nc3 Nc6 6. Ndb5 Bb4 7. a3 Bxc3+ 8.
Nxc3 d5 9. exd5 exd5 10. Bg5 O-O 11. Be2 d4 12. Ne4 Qa5+ 13. b4 Qe5 14. Nxf6+
gxf6 15. Bh6 Re8 16. Kf1 Bf5 17. Bd3 a5 18. b5 Ne7 19. a4 Rac8 20. h4 Bxd3+ 21.
cxd3 Nf5 22. Bd2 b6 23. g4 Ne3+ 24. fxe3 dxe3 25. Bxe3 Qxe3 26. Kg2 Red8 27.
Re1 Qxd3 28. Qxd3 Rxd3 29. Rac1 Rxc1 30. Rxc1 Rd4 31. Kg3 Rxa4 32. Rc6 Rb4 33.
Rxb6 a4 34. Rb8+ Kg7 35. b6 a3 36. Ra8 a2 37. Rxa2 Rxb6 38. Ra5 Rb3+ 39. Kf4
1/2-1/2

[Event "Olimpiada Calviá 2004"]
[Site "Calviá ESP"]
[Date "2004.10.24"]
[Round "9.58"]
[White "Press, Shaun"]
[Black "Mueller, Leonhard"]
[Result "0-1"]
[WhiteElo "2070"]
[BlackElo "2213"]
[PlyCount "76"]
[EventDate "2004.10.15"]
[EventType "team"]
[EventRounds "14"]
[EventCountry "ESP"]
[Source "lmi"]
[SourceDate "2004.10.27"]

1. e4 c5 2. Nf3 Nc6 3. d4 cxd4 4. Nxd4 Qb6 5. Nb3 Nf6 6. Nc3 e6 7. Be3 Qc7 8.
Bd3 d6 9. f4 a6 10. O-O b5 11. Qf3 Bb7 12. Rae1 Be7 13. g4 b4 14. Ne2 h6 15.
Ng3 g5 16. h3 Rg8 17. f5 Ne5 18. Qf2 h5 19. fxe6 fxe6 20. Bb6 Qd7 21. Bd4 Rf8
22. Qd2 hxg4 23. Bxe5 dxe5 24. Qxg5 O-O-O 25. Qe3 gxh3 26. Qa7 Qc6 27. Kh1 Kc7
28. Na5 Qb6 29. Qxb6+ Kxb6 30. Nc4+ Ka7 31. Kh2 Rh8 32. Nxe5 Bd6 33. Rxf6 Bxe5
34. Rg6 Rdf8 35. Rf1 Rxf1 36. Bxf1 Bxe4 37. Rxe6 Bxg3+ 38. Kxg3 h2 0-1

[Event "Olimpiada Calviá 2004"]
[Site "Calviá ESP"]
[Date "2004.10.24"]
[Round "9.59"]
[White "Maduro, Sherman"]
[Black "Asefi, Zahiruddin"]
[Result "0-1"]
[WhiteElo "2116"]
[BlackElo "2064"]
[PlyCount "104"]
[EventDate "2004.10.15"]
[EventType "team"]
[EventRounds "14"]
[EventCountry "ESP"]
[Source "lmi"]
[SourceDate "2004.10.27"]

1. e4 d6 2. d4 g6 3. Be3 Bg7 4. Nc3 Nf6 5. f3 O-O 6. Qd2 e5 7. d5 Ne8 8. g4 f5
9. gxf5 gxf5 10. exf5 Bxf5 11. O-O-O Nd7 12. Bg5 Nef6 13. Nge2 Nc5 14. Ng3 Bg6
15. Bg2 Qd7 16. h4 Nh5 17. Nxh5 Bxh5 18. Rdf1 a5 19. Bh6 Kh8 20. Bh3 Bxh6 21.
Qxh6 Qf7 22. Ne4 Qf4+ 23. Qxf4 Rxf4 24. Nxc5 dxc5 25. Re1 Bxf3 26. Rhg1 e4 27.
h5 Bxh5 28. Be6 Bg6 29. c4 Raf8 30. Kc2 e3+ 31. Kc3 Rf2 32. Rxe3 a4 33. Rc1 a3
34. b4 b6 35. bxc5 bxc5 36. Kb3 Rb2+ 37. Kxa3 Rff2 38. Ka4 Be8+ 39. Ka3 Rxa2+
40. Kb3 Rfb2+ 41. Kc3 Bg6 42. Rg3 Rb4 43. Rxg6 hxg6 44. Kd3 Kg7 45. Rf1 Ra3+
46. Kc2 Rxc4+ 47. Kb2 Ra7 48. Rf7+ Kh6 49. d6 Rb7+ 50. Ka3 Rcb4 51. Rxc7 R7b6
52. Rxc5 Rd4 0-1

[Event "Olimpiada Calviá 2004"]
[Site "Calviá ESP"]
[Date "2004.10.24"]
[Round "9.59"]
[White "Ayyoubi, Saifudin"]
[Black "Dekker, Marvin"]
[Result "0-1"]
[WhiteElo "2200"]
[BlackElo "2133"]
[PlyCount "118"]
[EventDate "2004.10.15"]
[EventType "team"]
[EventRounds "14"]
[EventCountry "ESP"]
[Source "lmi"]
[SourceDate "2004.10.27"]

1. e4 Nf6 2. Nc3 d5 3. e5 Ne4 4. Nxe4 dxe4 5. Qe2 Qd5 6. f4 exf3 7. Nxf3 Bg4 8.
Qb5+ Qxb5 9. Bxb5+ Nd7 10. Bxd7+ Kxd7 11. O-O h6 12. d4 Rd8 13. Be3 Kc8 14. c4
e6 15. a3 Be7 16. h3 Bh5 17. Rad1 Rd7 18. Rd2 Rhd8 19. Rfd1 f6 20. g4 Bf7 21.
Kf2 c5 22. Ke2 cxd4 23. Bxd4 b6 24. exf6 gxf6 25. Be3 Bf8 26. Rxd7 Rxd7 27.
Rxd7 Kxd7 28. b4 e5 29. Kd3 Bg6+ 30. Kc3 Be4 31. Nd2 Bg2 32. h4 Ke6 33. c5 bxc5
34. bxc5 Kd5 35. Kb4 Bh3 36. g5 hxg5 37. hxg5 f5 38. Kb5 f4 39. Bg1 Bd7+ 40.
Kb4 e4 41. a4 e3 42. Nf3 Bxc5+ 43. Kc3 Bg4 44. Ne1 f3 45. Nxf3 Bxf3 46. Bh2 e2
47. Bg3 Be3 48. g6 Bh6 49. Kd3 Ke6 50. a5 Kf6 51. g7 Kxg7 52. a6 Kf7 53. Kd4
Bd2 54. Kc5 e1=Q 55. Bxe1 Bxe1 56. Kd6 Be2 57. Kc7 Bxa6 58. Kb8 Bf2 59. Kc7 Bb5
0-1

[Event "Olimpiada Calviá 2004"]
[Site "Calviá ESP"]
[Date "2004.10.24"]
[Round "9.60"]
[White "Rowe, Peter"]
[Black "Van Tilbury, Craig"]
[Result "1/2-1/2"]
[WhiteElo "2085"]
[BlackElo "2309"]
[PlyCount "122"]
[EventDate "2004.10.15"]
[EventType "team"]
[EventRounds "14"]
[EventCountry "ESP"]
[Source "lmi"]
[SourceDate "2004.10.27"]

1. d4 d5 2. Nf3 Nc6 3. Bf4 Bg4 4. c3 Bxf3 5. exf3 e6 6. Nd2 Bd6 7. Bg3 Nge7 8.
Bd3 e5 9. dxe5 Bxe5 10. Qc2 Qd6 11. O-O-O O-O-O 12. Rhe1 Qf6 13. Qa4 Kb8 14.
Kb1 g5 15. h4 h6 16. hxg5 hxg5 17. Rh1 Nf5 18. Bxf5 Qxf5+ 19. Qc2 Qf6 20. Nb3
b6 21. Rxh8 Qxh8 22. Qf5 Qf6 23. Qxf6 Bxf6 24. Kc2 Kb7 25. Rh1 Rh8 26. Rxh8
Bxh8 27. Kd3 Ne7 28. f4 g4 29. Bh2 c5 30. Ke2 Nf5 31. f3 g3 32. Bg1 Kc6 33. Be3
d4 34. cxd4 c4 35. Nd2 Kd5 36. Ne4 Bxd4 37. Bc1 b5 38. Ng5 f6 39. Ne4 b4 40. b3
a5 41. Bd2 c3 42. Bc1 Nh4 43. Nxg3 Nxg2 44. Ne4 f5 45. Ng5 Nh4 46. Nh3 Ng6 47.
Kd3 Nf8 48. Ng5 Nd7 49. Ne6 Kxe6 50. Kxd4 Kd6 51. Kc4 Kc6 52. a3 Nb6+ 53. Kd4
Nd5 54. axb4 axb4 55. Ke5 Kc5 56. Kxf5 Kd4 57. Ke6 Nc7+ 58. Kd6 Ne8+ 59. Ke6
Nc7+ 60. Kf6 Ne8+ 61. Ke6 Ng7+ 1/2-1/2

[Event "Olimpiada Calviá 2004"]
[Site "Calviá ESP"]
[Date "2004.10.24"]
[Round "9.60"]
[White "Hook, William"]
[Black "Hamperl, Fred"]
[Result "1-0"]
[WhiteElo "2108"]
[BlackElo "1961"]
[PlyCount "55"]
[EventDate "2004.10.15"]
[EventType "team"]
[EventRounds "14"]
[EventCountry "ESP"]
[Source "lmi"]
[SourceDate "2004.10.27"]

1. d4 Nf6 2. c4 c5 3. d5 e6 4. Nc3 exd5 5. cxd5 d6 6. e4 g6 7. Nf3 Bg7 8. Bb5+
Bd7 9. Bd3 O-O 10. Qb3 Qc7 11. O-O Ng4 12. Bf4 Re8 13. h3 Ne5 14. Bxe5 Bxe5 15.
Nxe5 Rxe5 16. f4 Re8 17. Rae1 Na6 18. Bc4 Rab8 19. a4 Nb4 20. e5 Bf5 21. Nb5
Qb6 22. Nxd6 Bc2 23. Qc3 Red8 24. f5 Bd3 25. fxg6 fxg6 26. a5 Qxa5 27. Bxd3 b5
28. Bxg6 1-0

[Event "Olimpiada Calviá 2004"]
[Site "Calviá ESP"]
[Date "2004.10.24"]
[Round "9.61"]
[White "Croes, Octavio"]
[Black "Faulks, Nick"]
[Result "0-1"]
[WhiteElo "2058"]
[BlackElo "2056"]
[PlyCount "90"]
[EventDate "2004.10.15"]
[EventType "team"]
[EventRounds "14"]
[EventCountry "ESP"]
[Source "lmi"]
[SourceDate "2004.10.27"]

1. d4 Nf6 2. c4 c5 3. Nf3 cxd4 4. Nxd4 e5 5. Nf3 Nc6 6. e3 Bb4+ 7. Bd2 Bc5 8.
Bc3 Qe7 9. Be2 O-O 10. O-O Rd8 11. a3 d5 12. Qc2 d4 13. exd4 exd4 14. b4 dxc3
15. bxc5 Qxc5 16. Nxc3 Bf5 17. Qb2 Rd7 18. Qb5 Qxb5 19. cxb5 Nd4 20. Nxd4 Rxd4
21. Bf3 Rc8 22. Rad1 Rxd1 23. Rxd1 Kf8 24. Nd5 Nxd5 25. Bxd5 Rd8 26. Bf3 Rxd1+
27. Bxd1 b6 28. Be2 Ke7 29. f3 Kd6 30. Kf2 Kc5 31. Ke3 Bd7 32. Bd3 h6 33. a4
Be6 34. g4 Bb3 35. Bb1 Bxa4 36. Ba2 f6 37. Bb1 Bxb5 38. Ke4 Bd7 39. Kf4 a5 40.
h4 Kd4 41. g5 a4 42. Bf5 hxg5+ 43. hxg5 fxg5+ 44. Kxg5 Bxf5 45. Kxf5 a3 0-1

[Event "Olimpiada Calviá 2004"]
[Site "Calviá ESP"]
[Date "2004.10.24"]
[Round "9.62"]
[White "Gautam, Asheesh"]
[Black "Hoareau, Benjamin"]
[Result "1/2-1/2"]
[WhiteElo "1969"]
[BlackElo "2200"]
[PlyCount "99"]
[EventDate "2004.10.15"]
[EventType "team"]
[EventRounds "14"]
[EventCountry "ESP"]
[Source "lmi"]
[SourceDate "2004.10.27"]

1. e4 d5 2. exd5 Qxd5 3. Nc3 Qa5 4. Nf3 Nf6 5. Be2 g6 6. O-O Bg7 7. d3 Nbd7 8.
Re1 O-O 9. a3 c6 10. Rb1 e5 11. Ng5 h6 12. Nge4 Nd5 13. Bd2 Qc7 14. Qc1 Kh7 15.
Bf3 f5 16. Ng3 N7f6 17. Bxd5 Nxd5 18. Nce2 Be6 19. f4 Rfe8 20. Rf1 Re7 21. fxe5
Qxe5 22. Nf4 Rae8 23. Nxe6 Rxe6 24. c3 Ne3 25. Re1 Qc5 26. d4 Qe7 27. Rxe3 Rxe3
28. Bxe3 Qxe3+ 29. Qxe3 Rxe3 30. Kf2 Re7 31. Rd1 h5 32. Ne2 h4 33. h3 g5 34.
Rd3 Kg6 35. b4 b5 36. d5 Rc7 37. dxc6 Rxc6 38. Kf3 a6 39. Rd1 Be5 40. Rd3 Kf6
41. Ke3 Ke6 42. Kd2 Rd6 43. Rxd6+ Kxd6 44. Kd3 Kd5 45. Ng1 g4 46. Ne2 gxh3 47.
gxh3 Bg3 48. Ng1 f4 49. Nf3 Bf2 50. Ng5 1/2-1/2

[Event "Olimpiada Calviá 2004"]
[Site "Calviá ESP"]
[Date "2004.10.24"]
[Round "9.64"]
[White "Berlinsky, Vladimir"]
[Black "Brittner, Serge"]
[Result "1/2-1/2"]
[WhiteElo "2347"]
[BlackElo "2291"]
[PlyCount "101"]
[EventDate "2004.10.15"]
[EventType "team"]
[EventRounds "14"]
[EventCountry "ESP"]
[Source "lmi"]
[SourceDate "2004.10.27"]

1. e4 e6 2. d3 c5 3. f4 Nc6 4. Nf3 g6 5. c3 Bg7 6. g3 Nge7 7. Bg2 d6 8. a4 O-O
9. O-O e5 10. Na3 h6 11. Be3 b6 12. Qd2 Kh7 13. h3 exf4 14. gxf4 f5 15. Bf2 Be6
16. exf5 Bxf5 17. Rae1 Qd7 18. Kh2 Rae8 19. d4 Nd8 20. dxc5 dxc5 21. Nb5 Qxd2
22. Nxd2 Bd3 23. Nd6 Bxf1 24. Nxe8 Rxe8 25. Nxf1 Bf6 26. Ne3 Ng8 27. Rd1 Ne6
28. Nd5 Kg7 29. a5 Bd8 30. b4 Nf6 31. Re1 cxb4 32. cxb4 Nxd5 33. Bxd5 Nc7 34.
axb6 axb6 35. Rxe8 Nxe8 36. Bd4+ Nf6 37. Kg3 Kf8 38. Bc4 Ke7 39. Kf3 Bc7 40. h4
Bd6 41. b5 Bc7 42. Be3 h5 43. Bd4 Nd7 44. Bg7 Nc5 45. Be5 Bd6 46. Ke3 Nd7 47.
Bxd6+ Kxd6 48. Bf7 Nf8 49. f5 gxf5 50. Kf4 Ke7 51. Bxh5 1/2-1/2

[Event "Olimpiada Calviá 2004"]
[Site "Calviá ESP"]
[Date "2004.10.24"]
[Round "9.64"]
[White "Weber, Jean-Marie"]
[Black "Zoltek, Tadeusz"]
[Result "1/2-1/2"]
[WhiteElo "2232"]
[BlackElo "2313"]
[PlyCount "74"]
[EventDate "2004.10.15"]
[EventType "team"]
[EventRounds "14"]
[EventCountry "ESP"]
[Source "lmi"]
[SourceDate "2004.10.27"]

1. d4 d5 2. c4 e6 3. Nc3 Nf6 4. Bg5 Be7 5. cxd5 exd5 6. e3 O-O 7. Qc2 c6 8. Bd3
Nbd7 9. Nge2 Re8 10. O-O Nf8 11. f3 Nh5 12. Bxe7 Qxe7 13. e4 Be6 14. e5 g6 15.
Nd1 f6 16. f4 fxe5 17. dxe5 c5 18. b3 a6 19. Ne3 b5 20. g4 Ng7 21. f5 c4 22.
bxc4 bxc4 23. fxe6 Qa7 24. Rf3 cxd3 25. Qxd3 Nfxe6 26. Kh1 d4 27. Nd5 Ng5 28.
Nf6+ Kh8 29. Nxe8 Nxf3 30. Qxf3 Rxe8 31. Rf1 Ne6 32. Qc6 Qa8 33. Qxa8 Rxa8 34.
Rd1 Rd8 35. Kg2 Rd5 36. Kf3 Rxe5 37. Nxd4 Nxd4+ 1/2-1/2

[Event "Olimpiada Calviá 2004"]
[Site "Calviá ESP"]
[Date "2004.10.24"]
[Round "9.64"]
[White "Pohlers, Rolf"]
[Black "Wagener, Claude"]
[Result "1/2-1/2"]
[WhiteElo "2148"]
[BlackElo "2242"]
[PlyCount "99"]
[EventDate "2004.10.15"]
[EventType "team"]
[EventRounds "14"]
[EventCountry "ESP"]
[Source "lmi"]
[SourceDate "2004.10.27"]

1. d4 Nf6 2. c4 g6 3. Nc3 d5 4. Bf4 Bg7 5. e3 O-O 6. Rc1 c6 7. Nf3 Be6 8. Ng5
Bf5 9. h3 h6 10. Nf3 Qb6 11. Qd2 Ne4 12. Nxe4 Bxe4 13. c5 Qd8 14. Be2 Nd7 15.
O-O a5 16. Rc3 Bxf3 17. Bxf3 e5 18. Bg3 Re8 19. Rb3 Qc8 20. Bd1 exd4 21. exd4
Nf8 22. f3 Ne6 23. Bf2 Qc7 24. Kh1 Re7 25. Ra3 Rae8 26. Re1 Nxd4 27. Rxe7 Rxe7
28. Qxa5 Qxa5 29. Rxa5 Ne2 30. Ra8+ Kh7 31. Bh4 Re6 32. Rb8 Bd4 33. Rxb7 g5 34.
Bxe2 Rxe2 35. Bg3 Kg7 36. a4 Rc2 37. Kh2 Rxc5 38. h4 Ra5 39. b3 Bc3 40. Rb6 c5
41. hxg5 hxg5 42. Rc6 c4 43. bxc4 d4 44. Rd6 Rxa4 45. c5 Rc4 46. c6 Rc5 47. Bf2
Rc4 48. Kg1 Kf8 49. Kf1 d3 50. Rxd3 1/2-1/2

[Event "Olimpiada Calviá 2004 Femenina"]
[Site "Calviá ESP"]
[Date "2004.10.24"]
[Round "9.26"]
[White "Sabirova, Olga"]
[Black "Lomibao, Sheerie Joy"]
[Result "1-0"]
[WhiteElo "2250"]
[BlackElo "2089"]
[PlyCount "117"]
[EventDate "2004.10.15"]
[EventType "team"]
[EventRounds "14"]
[EventCountry "ESP"]
[Source "lmi"]
[SourceDate "2004.10.27"]

1. e4 d6 2. d4 Nf6 3. Nc3 g6 4. f4 Bg7 5. Nf3 c6 6. Bd3 O-O 7. O-O Qc7 8. Qe1
b5 9. a3 a6 10. Qh4 e6 11. e5 Nd5 12. Ne4 dxe5 13. fxe5 Nd7 14. Bh6 Bxh6 15.
Qxh6 f5 16. exf6 N7xf6 17. Ne5 Qg7 18. Qxg7+ Kxg7 19. Nxc6 Bb7 20. Ne5 Rad8 21.
Nc5 Bc8 22. c3 Nb6 23. Rf3 Nfd5 24. Raf1 Rxf3 25. Rxf3 Rf8 26. Rxf8 Kxf8 27.
Kf2 Kg7 28. Kf3 Kf6 29. h4 Ne7 30. g4 h6 31. Be4 g5 32. hxg5+ hxg5 33. Bd3 Ned5
34. Ne4+ Kg7 35. Nxg5 Na4 36. c4 Nc7 37. b3 bxc4 38. bxc4 Bb7+ 39. Be4 Bxe4+
40. Nxe4 Nb2 41. Nc5 Nd1 42. Ke2 Nc3+ 43. Kd3 Nd1 44. Kd2 Nf2 45. Ke3 Nh3 46.
Ne4 Kh6 47. Kf3 Ng1+ 48. Kf2 Nh3+ 49. Kg3 Ng5 50. Nxg5 Kxg5 51. Nf3+ Kg6 52.
Kf4 Kf6 53. g5+ Ke7 54. Ke5 Ne8 55. c5 Nc7 56. g6 Ne8 57. Ng5 Ng7 58. c6 a5 59.
a4 1-0

[Event "Olimpiada Calviá 2004"]
[Site "Calviá ESP"]
[Date "2004.10.25"]
[Round "10.2"]
[White "Romero Holmes, Alfonso"]
[Black "Nikolaidis, Ioannis"]
[Result "1/2-1/2"]
[WhiteElo "2514"]
[BlackElo "2527"]
[PlyCount "55"]
[EventDate "2004.10.15"]
[EventType "team"]
[EventRounds "14"]
[EventCountry "ESP"]
[Source "lmi"]
[SourceDate "2004.10.27"]

1. c4 Nf6 2. Nc3 e5 3. Nf3 Nc6 4. g3 Nd4 5. Bg2 Nxf3+ 6. Bxf3 Be7 7. g4 d6 8.
Rg1 h6 9. d4 c6 10. Be3 Nd7 11. d5 c5 12. Bd2 a6 13. Qc2 b5 14. cxb5 axb5 15.
Nxb5 Ba6 16. Nc3 Bh4 17. Ne4 Nf6 18. Ng3 g6 19. b4 cxb4 20. Qc6+ Ke7 21. Bxb4
Qb8 22. Qc3 Kf8 23. Ba5 Ke7 24. Bb4 Kf8 25. a3 Kg7 26. Qd2 Qb6 27. e3 Rhc8 28.
Rd1 1/2-1/2